| 000 | 00312nam a22000977a 4500 | ||
|---|---|---|---|
| 999 |
_c508244 _d508244 |
||
| 082 | _aR065x54 H/1993 | ||
| 100 |
_aIndia. Ministry of Labour. Labour Bureau _93441 |
||
| 245 |
_aHandbook of labour statistics 1993 _cby Labour Bureau. Ministry of Labour |
||
| 260 |
_aShimla _bGovernment of India _c1993 |
||
| 300 | _a146p. | ||